000 00824 a2200253 4500
003 CBULib
005 20251021104750.0
008 251021b |||||||| |||| 00| 0 eng d
020 _a9781412909235
040 _bEnglish
_cCBULib
_erda
041 _aeng
050 _aHF 5415.N65 Wym
100 _aWymer, Water
245 _aNonprofit marketing : marketing management for charitable nongovernmental organizations
_c/ by Walter Wymer Jr; Patricia Knowles and Roger Gomes
260 _bSAGE,
_c2006
_aLondon :
300 _a370 pages: illustrations
336 _2rdacontent
_aText |
_btxt
337 _2rdamedia
_aUnmediated |
_bn
338 _2rdacarrier
_aVolume
_bnc
650 0 _aNONPROFIT ORGANIZATIONS - MARKETING
_94949
700 _94950
_aKnowles, Patricia
700 _94951
_aGomes, Roger
942 _2lcc
_c002
999 _c86483
_d86483